| 000 | 00522nam a2200157 i 4500 | ||
|---|---|---|---|
| 001 | 49369 | ||
| 003 | ES-MaACL | ||
| 007 | t| | ||
| 008 | 030715s1974 sp ||||1| spa d | ||
| 100 | 1 |
_aCortina, Arturo. _940937 |
|
| 245 | 1 | 0 |
_aExploración radiológica del corazón / _cArturo Cortina ; con la colaboración de Carlos García-Andrade. |
| 260 |
_aOviedo : _bGrandio, _c1974. |
||
| 300 |
_aXVII, 122 p. con 23 lám. : _bil. ; _c25 cm. |
||
| 700 | 1 |
_aGarcía-Andrade, Carlos. _954161 |
|
| 852 |
_aES-MaACL _jE-7478 _bR.91886 |
||
| 999 |
_c49369 _d49369 |
||